00616nam a22001697a 450000500170000001000130001702000250003003500110005503700130006608200120007910000350009124501270012624600510025326000520030427000670035630000230042320210914144720.0 aUR-11229 c85.00a9789390533428 aU-9784 bDBAD/PUB a808.856 aمحبو ب خا ن ا صغر  aر و شن لمحا ت ا کا بر ين علم و ا د ب کے سا تھ (مصا حبے)cمحبو ب خا ن ا صغر  aRoshan Lamhat (Urdu)bby Mahboob Khan Asghar  aN.Delhic2020 ءbEducational Publishing House  a3191, Vakil Street, Kucha Pandit Lal Kuan,b Delhie110006l - a264 ص c22 Cm(Hb)